Normal view
MARC view
- MS-ELECT-18
Entry Topical Term
001 - CONTROL NUMBER
- control field: 84251
003 - CONTROL NUMBER IDENTIFIER
- control field: NUST
005 - DATE AND TIME OF LATEST TRANSACTION
- control field: 20211116150724.0
008 - FIXED-LENGTH DATA ELEMENTS
- fixed length control field: 211116|| aca||aabn | a|a d
040 ## - CATALOGING SOURCE
- Original cataloging agency: NUST
- Transcribing agency: NUST
150 ## - HEADING--TOPICAL TERM
- Topical term or geographic name entry element: MS-ELECT-18
670 ## - SOURCE DATA FOUND
- Source citation: Work cat.: (NUST): Muhammad Yasir 84249, TH-SOF-1855-Vehicle Make And Model Classification For Overhead Traffic Analytics, 2021.
